Bålen - Statistics

General Stats
  • This quiz has been taken 17 times
  • The average score is 12 of 26
Answer Stats
Hint Answer % Correct
Äkta revben Costae verae
100%
Del av Axis som ledar mot Atlas Dens
100%
Hålrummet mellan 2 kotor Foramen intervertebrale
100%
Utskottet rakt bakåt på en kota Processus Spinosus
100%
Utskotten åt sidan på en kota Processus Transversus
100%
Ländkotorna Vertebrae Lumbares
100%
Gropen på bröstbenet i höjd med nyckelbenet Incisura Jugularis
50%
Den övre delen av bröstbenet Manubrium Sterni
50%
Lig. Longitudinale Anterius Förhindrar Överextention
50%
Lig. Longitudinale Posterius Förhindrar Överflexion
50%
Lig. Flavum Förhindrar Överflexion
50%
Utskotten som ledar mot varandra på kotor Processus Articularis
50%
Utskottet längst ner på bröstbenet Processus Xiphoideus
50%
Vad sitter Caput Costa närmast Vertebra
50%
Nackkotorna Vertebrae cervicale
50%
Korskotorna Vertebrae Sacrum
50%
Bröstkotorna Vertebrae Thoracicae
50%
Den sista nackkotan Vertebra Prominens
50%
Fogen som sitter på bröstbenet Angulus Sterni
0%
Nej-leden Art. Atlantoaxialis
0%
Ja-leden Art. atlantooccipitalis
0%
Brosket mellan Costa och Sacrum Cart. Costalis
0%
Falska revben Costae Spuriae
0%
Ligg. som förhindrar bäckenet från att tippa framåt Sacrospinale / Sacrotuberale
0%
Undersidan av Costa där nerver och blodkärl går Sulcus costae
0%
Svanskotorna Vertebrae Coccygis
0%
No matching quizzes found
Score Distribution
Percent of People with Each Score
Percentile by Number Answered
Your Score History
You have not taken this quiz